Знамената на държавите в Северна Америка - Statistics

General Stats
  • This quiz has been taken 41 times
  • The average score is 18 of 23
Answer Stats
Picture Answer % Correct
САЩ
100%
Канада
100%
Ямайка
94%
Мексико
94%
Барбадос
88%
Панама
88%
Куба
85%
Тринидад и Тобаго
82%
Доминиканска република
79%
Белиз
79%
Хаити
79%
Хондурас
76%
Никарагуа
76%
Антигуа и Барбуда
74%
Бахами
74%
Доминика
74%
Коста Рика
71%
Сейнт Лусия
71%
Салвадор
68%
Гренада
59%
Сейнт Китс и Невис
53%
Гватемала
53%
Сейнт Винсънт и Гренадини
35%
No matching quizzes found
Score Distribution
Percent of People with Each Score
Percentile by Number Answered
Your Score History
You have not taken this quiz